Most populous countries in the world - Statistics

General Stats
  • This quiz has been taken 9 times
  • The average score is 11 of 15
Answer Stats
Answer % Correct
2. China
100%
1. India
100%
3. USA
100%
7. Brazil
88%
4. Indonesia
88%
11. Japan
88%
10. Mexico
88%
6. Nigeria
88%
5. Pakistan
88%
8. Bangladesh
75%
15. Egypt
75%
9. Russia
75%
14. Democratic republic of Congo / Congo
50%
12. Philipines
13%
13. Etiopia
0%
No matching quizzes found
Score Distribution
Percent of People with Each Score
Percentile by Number Answered
Your Score History
You have not taken this quiz